| 000 | 00742nam a2200241 i 4500 | ||
|---|---|---|---|
| 001 | bgj | ||
| 100 | 1 | _aGUNN, Gillian | |
| 245 | 1 | 0 |
_aCuba in transition : _boptions for U.S. policy / _cGillian Gunn. |
| 260 |
_aNew York : _bThe Twentieth Century Fund Press, _c1993. |
||
| 300 |
_aVIII, 111 pp ; _c23 cm. |
||
| 490 | 1 | _aA Twentieth Century Fund Paper | |
| 504 | _aBibliographical notes p. 95-101. | ||
| 505 | _aIncludes index. | ||
| 651 | 9 |
_aUnited States _xForeign relations _zCuba |
|
| 651 | 9 |
_aCuba _xForeign relations _zUnited States |
|
| 830 | _aA Twentieth Century Fund Paper | ||
| 020 | _a0870783475 | ||
| 040 | _cBPK | ||
| 041 | 0 | _aeng | |
| 920 | _a0-87078-347-5 | ||
| 942 | _cKS | ||
| 008 | s uk f |000 0 eng | ||
| 999 |
_c47920 _d47920 |
||
| 856 |
_uhttp://koha.tu.koszalin.pl/cgi-bin/koha/opac-detail.pl?biblionumber=47920 _yKatalog online BPK |
||